Sistema Ibérico - Estadísticas

Estadísticas generales
  • Esta prueba ha sido intentada 28 veces
  • La puntuación promedio es 4 de 13
Estadísticas de respuestas
Provincia Sierra % Correcto
Soria/ Zaragoza Moncayo
71%
Teruel/ Guadalajara/ Valencia Albarracín
54%
Soria/ La RIoja Cebollera
36%
Teruel/ Guadalajara/ Cuenca Montes Universales
36%
Burgos/ Soria/ La Rioja Urbión
36%
Teruel/ Castellón Javalambre
32%
Burgos La Demanda
29%
Cuenca/Guadalajara/ Teruel Serranía de Cuenca
25%
Soria Ministra
21%
Burgos Neila
21%
Cuenca/ Valencia Mira
14%
Zaragoza Pardos
14%
Zaragoza Vico
14%
No se encontraron pruebas coincidentes
Distribución de puntuación
Porcentaje de gente con cada puntuación
Porcentaje por número respondido
Historial de tus puntuaciones
No has intentado esta prueba.